Otvorené otázky hospodárskej politiky SR

Tri základné súvislosti charakterizujúce hospodársku politiku Európskej únie: technologický pokrok, globalizácia a konkurencieschopnosť. Začlenenie SR do integračného zoskupenia európskych krajín. Zabezpečenie dostatočnej reakčnej schopnosti slovenskej ekonomiky. Prechod k vedomostnej ekonomike. Inv...

Descripción completa

Guardado en:
Detalles Bibliográficos
Autor principal: Kašiak, Jaroslav
Formato: Capítulo de libro
Lenguaje:eslovaco
Materias:
Etiquetas: Agregar Etiqueta
Sin Etiquetas, Sea el primero en etiquetar este registro!

MARC

LEADER 00000naa$a2200000$$$4500
001 0031162
005 20231004130300.4
041 0 |a slo 
044 |a SK 
245 1 0 |a Otvorené otázky hospodárskej politiky SR  |c Jaroslav Kašiak 
520 |a Tri základné súvislosti charakterizujúce hospodársku politiku Európskej únie: technologický pokrok, globalizácia a konkurencieschopnosť. Začlenenie SR do integračného zoskupenia európskych krajín. Zabezpečenie dostatočnej reakčnej schopnosti slovenskej ekonomiky. Prechod k vedomostnej ekonomike. Investície do vedy a výskumu. Vytvorenie zdravého ekonomického prostredia. Rozvoj a údržba kreatívneho prostredia. 
610 2 0 |a politika hospodárska 
610 2 0 |a rast hospodársky 
610 2 0 |a integrácia ekonomická 
610 2 0 |a globalizácia 
610 2 0 |a konkurencieschopnosť 
610 2 0 |a technológie informačné 
610 2 0 |a vzdelávanie 
610 2 0 |a veda 
610 2 0 |a výskum 
610 2 0 |a spoločnosť vedomostná 
610 2 0 |a Slovensko 
610 2 0 |a Európska únia 
100 1 |a Kašiak, Jaroslav